00514cam a2200169Ia 4500020002400000040000800024082002600032100001700058245004700075250001100122260009000133300005300223650002100276650001200297650001600309700001900325 a9622176836 (pbk.) : cMDK a959 ODY 2002 A100 Or.1 aRooney, Dawn10aAngkor :ban introduction to the temples / a4th ed aHong Kong :bOdyssey ;aNew York :bDistribution in the U.S.A. by W.W. Norton,cc2002 a306 p. :bill. (some col.), maps, plans ;c21 cm 0aBuddhist temples 0aTemples 0aAntiquities1 aDanford, Peter